Statistics for 'Republic' Countries

Click here to take the quiz!

General Stats

  • This quiz has been taken 270 times
    (260 since last reset)
  • The average score is 4 of 5

Answer Stats

Country% Correct
Dem. Rep. Congo
91%
Republic of the Congo
86%
Dominican Republic
72%
Czech Republic
62%
Central African Republic
48%

Score Distribution

Percentile by Number Answered

Percent of People with Each Score

Your Score History

You have not taken this quiz since the last reset